Новые сенсорные возможности металлокомплексов порфиринов; Известия Томского политехнического университета [Известия ТПУ]; Т. 318, № 3 : Химия
| Parent link: | Известия Томского политехнического университета [Известия ТПУ]/ Томский политехнический университет (ТПУ).— , 2000- Т. 318, № 3 : Химия.— 2011.— [С. 112-115] |
|---|---|
| Další autoři: | , , , , , , , |
| Shrnutí: | Заглавие с титульного листа Электронная версия печатной публикации Изучены фотофизические свойства комплексов тетрафенилпорфирина с редкоземельными ионами Lu(III) и Gd(III) в этанольных растворах, полимерных плёнках на основе политретбутилметакрилата и полистирола и на спрессованной метилцеллюлозе. В отсутствие кислорода обнаружена фосфоресценция комплексов в жидких растворах. Созданы твердотельные материалы, допированные комплексами, изучена их чувствительность к кислороду при температуре 25 °C. |
| Jazyk: | ruština |
| Vydáno: |
2011
|
| Edice: | Химия |
| Témata: | |
| On-line přístup: | http://www.lib.tpu.ru/fulltext/v/Bulletin_TPU/2011/v318/i3/23.pdf |
| Médium: | MixedMaterials Elektronický zdroj Kapitola |
| KOHA link: | https://koha.lib.tpu.ru/cgi-bin/koha/opac-detail.pl?biblionumber=198774 |
MARC
| LEADER | 00000nla2a2200000 4500 | ||
|---|---|---|---|
| 001 | 198774 | ||
| 005 | 20231031184058.0 | ||
| 035 | |a (RuTPU)RU\TPU\book\216786 | ||
| 035 | |a RU\TPU\book\216785 | ||
| 090 | |a 198774 | ||
| 100 | |a 20110708d2011 k y0rusy50 ca | ||
| 101 | 0 | |a rus | |
| 102 | |a RU | ||
| 135 | |a drnn ---uucaa | ||
| 181 | 0 | |a i | |
| 182 | 0 | |a b | |
| 200 | 1 | |a Новые сенсорные возможности металлокомплексов порфиринов |b Электронный ресурс |f Е. Г. Ермолина [и др.] | |
| 203 | |a Текст |c электронный | ||
| 215 | |a 1 файл (258 Кб) | ||
| 225 | 1 | |a Химия | |
| 230 | |a Электронные текстовые данные (1 файл : 258 Кб) | ||
| 300 | |a Заглавие с титульного листа | ||
| 300 | |a Электронная версия печатной публикации | ||
| 320 | |a [Библиогр.: с. 115 (12 назв.)] | ||
| 330 | |a Изучены фотофизические свойства комплексов тетрафенилпорфирина с редкоземельными ионами Lu(III) и Gd(III) в этанольных растворах, полимерных плёнках на основе политретбутилметакрилата и полистирола и на спрессованной метилцеллюлозе. В отсутствие кислорода обнаружена фосфоресценция комплексов в жидких растворах. Созданы твердотельные материалы, допированные комплексами, изучена их чувствительность к кислороду при температуре 25 °C. | ||
| 337 | |a Adobe Reader | ||
| 461 | 1 | |0 (RuTPU)RU\TPU\book\176237 |t Известия Томского политехнического университета [Известия ТПУ] |f Томский политехнический университет (ТПУ) |d 2000- | |
| 463 | 1 | |0 (RuTPU)RU\TPU\book\216295 |y 1684-8519 |t Т. 318, № 3 : Химия |v [С. 112-115] |d 2011 |p 164 с. | |
| 610 | 1 | |a тетрафенилпорфирин | |
| 610 | 1 | |a лантаниды | |
| 610 | 1 | |a сенсоры | |
| 610 | 1 | |a кислород | |
| 610 | 1 | |a электронный ресурс | |
| 701 | 1 | |a Ермолина |b Е. Г. | |
| 701 | 1 | |a Кузнецова |b Р. Т. | |
| 701 | 1 | |a Солодова |b Т. А. | |
| 701 | 1 | |a Копылова |b Т. Н. | |
| 701 | 1 | |a Тельминов |b Е. Н. | |
| 701 | 1 | |a Майер |b Г. В. | |
| 701 | 1 | |a Семенишин |b Н. Н. | |
| 701 | 1 | |a Коровин |b Ю. В. | |
| 801 | 1 | |a RU |b 63413507 |c 20090623 |g PSBO | |
| 801 | 2 | |a RU |b 63413507 |c 20211227 |g PSBO | |
| 856 | 4 | |u http://www.lib.tpu.ru/fulltext/v/Bulletin_TPU/2011/v318/i3/23.pdf | |
| 942 | |c CF | ||